Economy and organization : Indian institution under the neoliberal regime (Record no. 41675)

MARC details
000 -LEADER
fixed length control field 00335nam a2200109Ia 4500
082 ## - DEWEY DECIMAL CLASSIFICATION NUMBER
Classification number 338.45.01
Item number BAG
245 #0 - TITLE STATEMENT
Title Economy and organization : Indian institution under the neoliberal regime
260 ## - PUBLICATION, DISTRIBUTION, ETC. (IMPRINT)
Place of publication New Delhi
Name of publisher Sage Publications
Year of publication 1999
700 ## - ADDED ENTRY--PERSONAL NAME
Personal name Bagchi, Amiya Kumar
942 ## - ADDED ENTRY ELEMENTS (KOHA)
Koha item type Books
Holdings
Withdrawn status Lost status Damaged status Not for loan Home library Current library Date acquired Cost, normal purchase price Full call number Accession Number Koha item type
        RRII Library RRII Library 16/12/2021 495.00 338.45.01 BAG 21961 Books